<?xml version="1.0" encoding="UTF-8"?>
<record
    xmlns:xsi="http://www.w3.org/2001/XMLSchema-instance"
    xsi:schemaLocation="http://www.loc.gov/MARC21/slim http://www.loc.gov/standards/marcxml/schema/MARC21slim.xsd"
    xmlns="http://www.loc.gov/MARC21/slim">

  <leader>00718nam a2200181   4500</leader>
  <controlfield tag="001">108267</controlfield>
  <controlfield tag="003">ES-MaACL</controlfield>
  <controlfield tag="005">20250802063113.0</controlfield>
  <controlfield tag="007">t|</controlfield>
  <controlfield tag="008">061121s1927    sp      r    ||||1| spa d</controlfield>
  <datafield tag="100" ind1="1" ind2=" ">
    <subfield code="a">Moll&#xE1; Rodrigo, Rafael, </subfield>
    <subfield code="d">1862-1930</subfield>
    <subfield code="9">82047</subfield>
  </datafield>
  <datafield tag="245" ind1="1" ind2="4">
    <subfield code="a">Los tumores del ri&#xF1;&#xF3;n desde el punto de vista de su diagn&#xF3;stico cl&#xED;nico</subfield>
    <subfield code="b">: ( discurso de ingreso en la Academia de Ciencias M&#xE9;dicas de la Habana) / </subfield>
    <subfield code="c">Rafael Moll&#xE1; y Rodrigo.</subfield>
  </datafield>
  <datafield tag="260" ind1=" " ind2=" ">
    <subfield code="a">Madrid : </subfield>
    <subfield code="b">[s.n], </subfield>
    <subfield code="c">1927 (</subfield>
    <subfield code="f">Imp. de Julio Rosano)</subfield>
  </datafield>
  <datafield tag="300" ind1=" " ind2=" ">
    <subfield code="a">32 p. ; </subfield>
    <subfield code="c">25 cm.</subfield>
  </datafield>
  <datafield tag="710" ind1="2" ind2=" ">
    <subfield code="a">Real Academia de Ciencias M&#xE9;dicas, F&#xED;sicas y Naturales de La Habana.</subfield>
    <subfield code="9">134781</subfield>
  </datafield>
  <datafield tag="852" ind1=" " ind2=" ">
    <subfield code="a">ES-MaACL</subfield>
    <subfield code="j">1710-F-23</subfield>
  </datafield>
  <datafield tag="999" ind1=" " ind2=" ">
    <subfield code="c">108267</subfield>
    <subfield code="d">108267</subfield>
  </datafield>
  <datafield tag="952" ind1=" " ind2=" ">
    <subfield code="0">0</subfield>
    <subfield code="1">0</subfield>
    <subfield code="4">0</subfield>
    <subfield code="7">0</subfield>
    <subfield code="8">Colecci&#xF3;n_de_folletos</subfield>
    <subfield code="a">ATENEOM</subfield>
    <subfield code="b">ATENEOM</subfield>
    <subfield code="c">DEPOF</subfield>
    <subfield code="d">2008-01-17</subfield>
    <subfield code="e">SC</subfield>
    <subfield code="l">0</subfield>
    <subfield code="o">1710-F-23</subfield>
    <subfield code="p">1112973</subfield>
    <subfield code="r">2023-02-23 00:00:00</subfield>
    <subfield code="w">2023-02-23</subfield>
    <subfield code="y">FOLLETOS</subfield>
  </datafield>
</record>
